| 000 | 00912nam0a22002651 4500 | ||
|---|---|---|---|
| 001 | rc\695181 | ||
| 005 | 20260503055458.0 | ||
| 035 | _a(NLR Aleph) 005931628 | ||
| 090 |
_a6584547 _c6584547 |
||
| 100 | _a20031121d1985 |||y0rusy50 ca | ||
| 101 | 0 | _arus | |
| 102 | _aRU | ||
| 105 | _aa ||||||||| | ||
| 200 | 1 | _aНовое в курортном строительстве | |
| 210 |
_aМ. _cЗнание _d1985 |
||
| 215 |
_a64 с., 4 л. ил. _cил. _d20 |
||
| 225 | 1 |
_aНовое в жизни, науке, технике _iСтроительство и архитектура _v6 |
|
| 320 | _aБиблиогр.: с. 57 | ||
| 700 | 1 |
_aЛебедев _bГ. Г. _cканд. архитектуры _f1918- _gГеоргий Георгиевич _9131702 _3RU\NLR\AUTH\770131736 |
|
| 801 | 0 |
_aRU _bNLR _gpsbo |
|
| 801 | 1 |
_aRU _bELAR _2rusmarc |
|
| 852 |
_aNLR _j85-4/28189 |
||
| 942 | _cBOOK | ||
| 980 | _aNB | ||